000
00264nam a22001217a 4500
008
181012b xxu||||| |||| 00| 0 eng d
041
_a
eng
080
_a
159.9
100
_a
49
101
_a
PSI
245
_a
Cognitive Psychology
_c
Riegler, B.R
942
_2
udc
_c
BK
999
_c
49559
_d
49559